00484nam a2200145Ia 4500008004100000041000800041082001400049100001500063245004500078260004000123300003100163365000900194999001500203952012000218240624s9999 xx 000 0 und d aeng a332.1 STO aSTONE AMEY aKING OF CAPITAL SANDY WELL AND THE MAKIN c2002aNew YorkbJohn Wiley and Sons axiv, : 306 : p. : cm. ; 23 cb40 c8979d8979 00104070aIMTNbIMTNcRack 9-Bd2008-05-28eAPg24.95o332.1 STOp8979r2024-06-24 00:00:00t42.3w2024-06-24yBK